Top 10 fastest official Rubik's Cubes solves of all time - Statistics

General Stats
  • This quiz has been taken 20 times
  • The average score is 4 of 10
Answer Stats
Time Country Year Person % Correct
3.13 s USA 2023 Max Park
100%
3.08 s China 2025 Yiheng Wang
83%
3.47 s China 2018 Yusheng Du
50%
3.44 s USA 2023 Luke Garrett
44%
3.66 s Poland 2024 Tymon Kolasiński
44%
3.24 s China 2024 Ruihang Xu
33%
3.59 s USA 2024 Matty Hiroto Inaba
22%
3.49 s China 2024 Xuanyi Geng
22%
3.46 s USA 2024 Aaron Huynh
11%
3.69 s United Kingdom 2024 Aiden Grainger
11%
No matching quizzes found
Score Distribution
Percent of People with Each Score
Percentile by Number Answered
Your Score History
You have not taken this quiz